Hopscotch: teacher's edition. Level two
Guardat en:
| Autors principals: | , , |
|---|---|
| Format: | Llibre |
| Idioma: | anglès |
| Publicat: |
Nueva York
Regents Publishing Company
1985
|
| Matèries: | |
| Etiquetes: |
Afegir etiqueta
Sense etiquetes, Sigues el primer a etiquetar aquest registre!
|
MARC
| LEADER | 00000cam a2200000 a 4500 | ||
|---|---|---|---|
| 001 | UCG9427 | ||
| 003 | CL-VaPUC | ||
| 008 | 120316e19850000US |||||||||||||||||eng|d | ||
| 020 | |a 0883455706 | ||
| 082 | 0 | 4 | |a 428 |b HUD |2 21 |
| 100 | |a Hudelson, Sarah |e author |9 561015 | ||
| 700 | |a Graham, Carolyn |e author |9 611841 | ||
| 700 | 0 | |a Chapman, John |e author |9 561017 | |
| 245 | 1 | 0 | |a Hopscotch: teacher's edition. Level two |
| 300 | |a 147 p | ||
| 942 | |c BK | ||
| 945 | |d 20120316 00:00:00 |a dcastane | ||
| 260 | |a Nueva York |b Regents Publishing Company |c 1985 | ||
| 650 | 0 | |a Educación lingüística |9 306506 | |
| 650 | 0 | |a Enseñanza del inglés |9 367340 | |
| 650 | 0 | |a Métodos de enseñanza |9 270413 | |
| 650 | 0 | |a Lengua inglesa |9 318842 | |
| 583 | |a last modification |c 20120316 11:38:00 |k Rodrigo Vera | ||
| 999 | |c 346982 |d 346980 | ||
| 952 | |0 0 |1 0 |4 0 |6 428_000000000000000_HUD_1985 |7 0 |8 A |9 448036 |a BIBEDU |b BIBEDU |d 2019-11-22 |i 4842421 |o 428 HUD 1985 |p 4842421 |r 2019-11-22 |w 2019-11-22 |y BK |k LIT | ||